MDQL
is popping MORE tags! Check the
thread
!
Quizzes
Events
Quiz Creation
Community
Videos
Private Events
Remove Ads
Sign In
Join for FREE
Feedback
Dark Mode
Quiz Categories
Sports
Geography
Music
Movies
Television
Just For Fun
Miscellaneous
History
Literature
Language
Science
Gaming
Entertainment
Religion
Holiday
For Kids
Quiz Lab
Recent
Popular Today
Quiz Kudos Today
Editor Picks
Curator Picks
Quizzes by...
Day
Popularity
Type
Ratings
Length
Year
Community
Subscriptions
Recent Discussions
Orange Saloon
Badges
Playlists
Quests
Create
Leaderboards
Showdown
Live 5
Trivia Bingo
Activity
Puzzle Library
Sporcle Events
Private Events
Virtual Trivia
Globe League
Become a Host
Pub Owners
SporcleCon
Opinionation
Our Games
Videos
Blog
Mobile Apps
Partnerships
Remove Ads and Go Orange
Feedback
Language
Vocabulary
Begins and Ends
Definition
Spanish
French
German
Italian
Chinese
Latin
Translation
Japanese
Language
Vocabulary
Begins and Ends
Definition
Spanish
French
German
Italian
Chinese
Latin
Translation
Japanese
Random Quiz
Search Sporcle
×
Quiz Lab
Quiz Lab
Language
end
Type in answers that appear in a list
Type in answers that appear in a list
Classic
Best Score? Go Orange.
Hunger Games Katniss's Lullaby to Rue Stats
Can you name the Katniss's Lullaby to Rue?
By
afjrotc
10m
16 Questions
114 Plays
114 Plays
114 Plays
Comments
Comments
Give Quiz Kudos
Give Quiz Kudos
-
- Ratings
hide this ad
Replay
Link that replays current quiz
Next Quiz
Link to next quiz in quiz playlist
You Got
0%
They Got
Avg Score
69%
Avg Friend Score
Upgrade to see
Score Distribution
Jump to the score distribution portion of the page
Score
0/16
Timer
10:00
0
Plays Today
Begining of line
End of line
% Correct
Deep in the Meadow,
under the willow
91.2%
A bed of grass,
a soft green pillow
90.4%
Here is the place where
I love you,
90.4%
Here is the place where
I love you.
90.4%
Here its safe,
here its warm
80.7%
Here the daisies gaurd
you from every harm
80.7%
Here its safe,
here its warm
80.7%
Here the daisies gaurde
you from every harm
80.7%
Begining of line
End of line
% Correct
And when again they open,
the sun will rise.
73.7%
Lay down your head,
and close your sleepy eyes
70.2%
Here your dreams are sweet
and tomorrow brings them true
63.2%
Here your dreams are sweet
and tomorrow brings them true
63.2%
A cloak of leaves,
a moonbeam ray
48.2%
Forgaet your woes and
let your troubles lay
45.6%
And when again its morning
they'll wash away.
43.9%
Deep in the meadow,
hiddin far away
18.4%
Quiz Playlist
Details
Report
Send in Message
Add To Playlist
Classic:
Type in answers that appear in a list
Last Updated: Feb 16, 2017
Quiz Scoreboard
CHALLENGE
Sign Up to Join the Scoreboard
Show All
Scores
Hide
Comments
May contain spoilers
Recently Published
Colored Red Africa Blitz
by spor1
Geography
30s
Find the 'City' Movie
by crazypaving
Movies
60s
5x2 Blitz: Bands
by SL_Kpop136
Music
30s
More to Explore
Quiz From the Vault
Featured Blog Post
14 Easter Pick-up Lines to Find Eggs With
hide this ad
You Might Also Like...
Tags
end
Today's Top Quizzes in Language
Browse Language
hide this ad
Today's Top Quizzes in end
Browse end
Top Contributed Quizzes in Language
1
1-10 Letter F Words III
2
1-10 Letter G Words III
3
1-10 Letter H Words III
4
1-10 Letter I Words III
5
1-10 Letter K Words III
6
1-10 Letter L Words III
7
1-10 Letter M Words III
8
1-10 Letter J Words III
9
1-10 Letter N Words III
10
Greek Alphabet Match
Explore More
Trending Topics
Kpop
Marvel
Disney
Crossword
Anime
Harry Potter
NBA
Country
Soccer
The Office
Pokémon
NFL
Song
Puzzle
WWE
hide this ad
More By:
afjrotc
Quiz
Plays
Rating
Category
Featured
Created
Hunger Games 100 questions
5,619
1.75
Literature
Jan 18, 2012
hunger Games Peeta's Profile
1,093
2.25
Literature
Jan 15, 2012
Hunger Games Mockingjay Characters
686
1.50
Literature
Jan 11, 2012
Hunger Games Katniss's Lullaby to Rue
114
Language
Jan 15, 2012
Go to Creator's Profile
Score Distribution
Quiz Creator Spotlight
afjrotc
Follow
Send a Message
Quizzes Created
-
Created Quiz Play Count
-
More By This Creator
Popular Quizzes Today
1
Find the 'City' Movie
2
Colored Red Africa Blitz
3
Find the US States - No Outlines Minefield
4
5x2 Blitz: Bands
5
The Countries of the World
6
Find the US States
7
US States
8
9x9 Crossword: Cartoon Network
More Language Quizzes
Roman Holiday
Curator's Pick
Trending Quizzes
Colored Red Europe Blitz I
Colored Red Africa Blitz II
Colored Red Europe Blitz II
Colored Red Africa Blitz III
Colored Red Europe Blitz III
Recently Updated
2024 March Madness Bracket
pecheneg
Famous TV Couples
Peacemaker
Champions League XIs: Real Madrid
pecheneg
Largest US Cities 1790-2010
pecheneg
Rides in Walt Disney World
pecheneg
Most Oscar Losses (Acting)
pecheneg
Beyoncé Albums
pecheneg
Leaping Animals
pecheneg
Reality TV Shows (A-Z)
bhenderson79
Rickey Henderson's Hall of Fame Teammates
pecheneg
Trending Topics
Harry Potter
Crossword
Marvel
Anime
Disney
Kpop
NBA
WWE
Pokémon
The Office
Puzzle
Soccer
NFL
Country
Song
Your Account Isn't Verified!
In order to create a playlist on Sporcle, you need to verify the email address you used during registration. Go to your
Sporcle Settings
to finish the process.
Report this User
Report this user for behavior that violates our
Community Guidelines
.
Details:
Send Report
Go to the Sporcle.com Mobile Site →
Comments